Lidstvo dosáhlo počtu 7 miliard

V tomto roku ľudstvo dosiahlo počet 7 miliard. Štatistické údaje zverejnené Štatistickou divíziou Organizácie spojených národov a z verejne dostupných databáz. Vývoj počtu obyvateľov sveta - kľúčové roky. Rozmiestnenie obyvateľov zeme a jeho vývoj. Populačný vovoj v mestách a na vidieku. Vývoj hlavn...

Celý popis

Uložené v:
Podrobná bibliografia
Hlavný autor: Bednářová, Hana
Ďalší autori: Čtrnáct, Pavel
Médium: Kapitola
Jazyk:Czech
Predmet:
Tagy: Pridať tag
Žiadne tagy, Buďte prvý, kto otaguje tento záznam!

MARC

LEADER 00000naa a2200000 4500
001 0143653
005 20220519095736.3
041 0 |a cze 
044 |a CZ 
245 1 0 |a Lidstvo dosáhlo počtu 7 miliard  |c Hana Bednářová, Pavel Čtrnáct 
520 |a V tomto roku ľudstvo dosiahlo počet 7 miliard. Štatistické údaje zverejnené Štatistickou divíziou Organizácie spojených národov a z verejne dostupných databáz. Vývoj počtu obyvateľov sveta - kľúčové roky. Rozmiestnenie obyvateľov zeme a jeho vývoj. Populačný vovoj v mestách a na vidieku. Vývoj hlavných demografických ukazovateľov. 
610 2 0 |a demografia 
610 2 0 |a obyvateľstvo 
610 2 0 |a populácia 
610 2 0 |a vývoj populačný 
610 2 0 |a svet 
100 1 |a Bednářová, Hana 
700 1 |a Čtrnáct, Pavel